00474nam a2200169Ia 4500003000900000008004100009020002200050040001600072080002000088100002200108245007400130260005000204300001000254650001500264650001700279650000800296IN-BaIIA211028s9999 xx 000 0 eng d a978-1-426-20281-0 cIIA Library a(036)521.1bNAT aSchneider, Howard 0aNational geographic backyard guide to the night skycHoward Schneider aWashingtonbNational Geographic Societyc2009 a287p. aAtmosphere aSolar System aSun